[Event "19th Karpov Poikovsky 2018"]
[Site "Poikovsky"]
[Date "2018.06.03"]
[Round "7"]
[White "Bologan, Victor"]
[Black "Jakovenko, Dmitry"]
[Result "0-1"]
[WhiteElo "2610"]
[BlackElo "2735"]
[Annotator "TA"]
[PlyCount "124"]
[EventDate "2018.??.??"]
[EventType "tourn"]
[EventCountry "RUS"]
[SourceTitle "playchess.com"]
[Source "ChessBase"]
[SourceQuality "1"]

{[%evp 16,124,19,19,31,13,14,10,20,21,29,18,24,13,18,20,26,13,15,14,18,20,20,21,43,46,46,50,67,46,61,54,55,64,54,6,6,6,6,6,7,6,6,6,8,0,0,0,11,0,0,0,0,-5,0,0,0,0,0,-12,0,0,11,11,25,35,45,0,0,0,0,0,0,-484,-492,-487,-461,-575,-562,-693,-665,-12832,-12832,-12833,-12833,-12833,-12833,-12833,-12834,-12837,-12837,-12837,-12835,-12838,-12839,-12839,-12839,-12841,-12841,-12841,-12842,-12842,-12843,-12844,-12844,-12845,-12845,-12845,-12846,-12846,-12847]} 1. e4 c5 2. Nf3 e6 3. d4 cxd4 4. Nxd4 Nc6 5. Nc3 Qc7 6. Be2 Nf6 7. Be3 a6 8. a3 Be7 9. f4 d6 {B48: Sicilian: Taimanov: 5 Nc3 Qc7 6 Be3 a6 without Be2} 10. g4 d5 11. e5 Nd7 {The position is equal.} 12. g5 Bc5 $146 ({Predecessor:} 12... b5 13. Nxc6 Qxc6 14. Bd4 h6 15. g6 {0-1 (38) Alekseev,E (2642)-Blomqvist,E (2493) Stockholm 2016}) 13. Qd2 Nxd4 14. Bxd4 Bxd4 15. Qxd4 Qb6 16. O-O-O Qxd4 17. Rxd4 g6 18. h4 h6 19. Bf3 hxg5 20. hxg5 Rxh1+ 21. Bxh1 Ke7 22. Ne2 Nb6 23. Rd3 Nc4 24. Rh3 Bd7 25. a4 b5 26. b3 Na5 27. axb5 Bxb5 28. Nc3 {Threatening Bxd5!} Rc8 29. Kd2 Nc6 30. Bf3 Nd4 31. Bg4 {Nxd5+! is the strong threat.} Bd7 32. Rd3 Nc6 33. Ne2 a5 34. Rh3 Ra8 35. Rh1 a4 36. Ra1 Na5 37. Kc3 Rc8+ 38. Kb2 Rb8 39. Nd4 Rh8 40. Be2 Rh4 41. Rf1 (41. b4 $5 {[%cal Rb4a5]} Rxf4 42. bxa5 Rxd4 43. a6 $11) 41... axb3 42. cxb3 Nc6 43. Kc3 Rh2 {And now ...Nxd4 would win.} 44. Ba6 $2 {[%mdl 8192]} (44. Re1 $11 {and White stays safe.}) 44... Nxd4 $19 {Black is clearly winning.} 45. Kxd4 {[%mdl 4096] Endgame KRB-KRB} Ra2 $1 46. Bd3 Rd2 47. Rf3 Bb5 $1 48. Kc3 Rxd3+ 49. Rxd3 Bxd3 50. Kxd3 {KP-KP} Kd7 51. Kc3 Kc6 52. Kb4 Kb6 53. Kc3 Kb5 54. Kd3 Kb4 55. Kc2 d4 $1 56. Kd3 Kxb3 57. Kxd4 {K3P-K3P} Kc2 58. Ke3 Kc3 $1 59. Kf3 Kd3 60. Kf2 Ke4 61. Kg3 {[#]} Ke3 $1 62. Kg4 {[#]} Kf2 $1 {Precision: White = 54%, Black = 74%.} 0-1

[Event "19th Karpov Poikovsky 2018"]
[Site "Poikovsky"]
[Date "2018.06.04"]
[Round "8"]
[White "Jakovenko, Dmitry"]
[Black "Kovalev, Vladislav"]
[Result "1/2-1/2"]
[WhiteElo "2735"]
[BlackElo "2650"]
[Annotator "TA"]
[PlyCount "52"]
[EventDate "2018.??.??"]
[EventType "tourn"]
[EventCountry "RUS"]
[SourceTitle "playchess.com"]
[Source "ChessBase"]
[SourceQuality "1"]

{[%evp 28,52,18,11,28,29,23,23,27,16,27,23,35,35,37,35,39,33,43,43,45,28,26,23,43,15,11]} 1. d4 Nf6 2. c4 g6 3. Nc3 Bg7 4. e4 d6 5. Nf3 {[%cal Bg1f3,Bf3e1,Be1d3,Bd3f2,Bf2e4][%mdl 32]} O-O 6. Be2 e5 7. O-O Nc6 8. d5 Ne7 {[%cal Bc6e7,Be7f5,Bf5d4][%mdl 32]} 9. Ne1 Nd7 10. Nd3 f5 11. Bd2 fxe4 12. Nxe4 Nf6 13. f3 {E98: King's Indian: Classical Main Line: 9 Ne1} (13. Nxf6+ Bxf6 14. Bg4 Nf5 15. Re1 Bd7 16. Bc3 Re8 17. f3 Bg5 18. Qb3 b6 19. Nf2 Be3 20. Re2 Nd4 21. Bxd4 Bxd4 22. Bxd7 Qxd7 {1-0 (62) Bogdanovich,S (2560)-Taher,Y (2375) Hanoi 2018}) 13... Nf5 14. Ndf2 Nd4 15. Nxf6+ {LiveBook: 4 Games} Qxf6 16. Ne4 Qe7 17. Bd3 Bf5 18. Be3 $146 ({Predecessor:} 18. Bg5 Qd7 19. Qd2 Rf7 20. Be3 Bxe4 21. Bxe4 {½-½ (36) Rosenthal,J (2325)-Karl,H (2165) Switzerland 2012}) 18... c6 19. Qd2 cxd5 20. cxd5 Rac8 21. Rae1 {[%cal Ba1e1,Be1c1,Bc1c3][%mdl 32]} Qc7 22. Rc1 Qd7 23. Rc3 Bxe4 24. Bxe4 Qb5 {[#] White must now prevent ...Ne2+.} 25. Re1 a6 26. Bf2 Qa5 1/2-1/2

[Event "19th Karpov Poikovsky 2018"]
[Site "Poikovsky"]
[Date "2018.06.04"]
[Round "8"]
[White "Vidit, Santosh Gujrathi"]
[Black "Korobov, Anton"]
[Result "1-0"]
[WhiteElo "2707"]
[BlackElo "2678"]
[Annotator "TA"]
[PlyCount "113"]
[EventDate "2018.??.??"]
[EventType "tourn"]
[EventCountry "RUS"]
[SourceTitle "playchess.com"]
[Source "ChessBase"]
[SourceQuality "1"]

{[%evp 25,113,24,38,42,55,0,14,22,22,16,75,60,100,100,102,64,81,84,91,92,83,68,91,64,52,40,66,71,84,85,77,82,89,37,37,37,157,165,139,143,128,141,150,150,240,102,122,116,121,121,112,124,117,114,116,112,132,139,185,122,187,119,369,339,428,408,364,379,388,413,409,379,651,643,593,555,622,604,799,764,639,775,1308,1193,5710,5822,5497,5073,5522,5189]} 1. e4 c5 2. Nf3 d6 3. d4 cxd4 4. Nxd4 Nf6 5. Nc3 a6 6. Be3 e5 7. Nb3 Be6 8. f3 h5 9. Nd5 {B90: Sicilian Najdorf: Unusual White 6th moves, 6 Be3 Ng4 and 6 Be3 e5} (9. Qd2 Nbd7 10. O-O-O b5 11. Kb1 Be7 12. h4 O-O 13. Bg5 Rc8 14. a3 Qc7 15. g4 hxg4 16. fxg4 Nb6 17. Bxf6 Bxf6 18. g5 {½-½ (70) Yu,Y (2751)-Vachier Lagrave,M (2789) Riadh 2017}) 9... Bxd5 10. exd5 Nbd7 11. Qd2 g6 12. O-O-O Nb6 13. Kb1 Nbxd5 {LiveBook: 7 Games} 14. Bg5 Be7 15. Bd3 {[#]} (15. Bc4 $14) 15... Rc8 $146 ({Predecessor:} 15... Qc7 16. Rhe1 O-O-O {½-½ (35) Leko,P (2679)-Areshchenko,A (2645) Germany 2017}) 16. Rhe1 O-O 17. h3 b5 (17... Qc7 $11 {keeps the balance.}) 18. g4 $1 $16 h4 19. Bxh4 Nf4 20. Bg3 Nxd3 21. Qxd3 Qc7 22. c3 Qc4 23. Qd2 Qc6 24. f4 Ne4 25. Qd3 d5 26. fxe5 b4 27. cxb4 $1 (27. Nd4 Qc4 $17) 27... Bxb4 28. Re2 a5 29. Bf4 (29. Bh4 $16) 29... Qb6 $1 $14 30. a4 g5 (30... Bc3 $1 $14 31. Qb5 Rb8) 31. Be3 $16 Qg6 32. Ka2 Rfd8 33. Nd4 Rc4 34. Rc2 Qa6 (34... Rdc8 $16) 35. Nb5 (35. Nf5 $18 {Hoping for Rxc4.} Ra8 36. Rxc4 Qxc4+ 37. Qxc4 dxc4 38. Rd4) 35... Be7 36. Rxc4 dxc4 37. Qc2 {aiming for Rxd8+.} Rxd1 38. Qxd1 {Strongly threatening Qd5.} Qe6 39. Qd4 Nc5 40. Nc3 Nd3 41. Kb1 Nxe5 {[#]} 42. Qe4 ({White should try} 42. Qd5 $1 $18) 42... Bb4 {[#]} (42... f6 $16 {might work better.}) 43. Bd4 (43. Bxg5 Bxc3 44. bxc3 Qb6+ 45. Kc2 Qb3+ 46. Kd2 Qb2+ 47. Kd1 Qxc3 $11) ({White should play} 43. Qd5 $1 $18) 43... Bxc3 $2 (43... f6 $16 {keeps fighting.}) 44. Bxc3 $18 ({Not} 44. bxc3 f6 $14) 44... f6 45. Qa8+ Kf7 46. Qxa5 Nd3 47. Qb5 Qe4 {( -> ...Nb4+)} 48. Ka2 Nc1+ $2 (48... Nf4 49. Qd7+ Kg6) 49. Ka3 {White is clearly winning.} Qe7+ 50. Qb4 Qc7 51. a5 Nd3 52. Qb6 Qe7+ 53. Ka2 Nc1+ 54. Kb1 Qe4+ 55. Kxc1 Qh1+ 56. Kd2 Qh2+ 57. Ke1 {Precision: White = 80%, Black = 44%.} 1-0

[Event "19th Karpov Poikovsky 2018"]
[Site "Poikovsky"]
[Date "2018.06.04"]
[Round "8"]
[White "Artemiev, Vladislav"]
[Black "Nepomniachtchi, Ian"]
[Result "1/2-1/2"]
[WhiteElo "2704"]
[BlackElo "2751"]
[Annotator "TA"]
[PlyCount "124"]
[EventDate "2018.??.??"]
[EventType "tourn"]
[EventCountry "RUS"]
[SourceTitle "playchess.com"]
[Source "ChessBase"]
[SourceQuality "1"]

{[%evp 10,124,12,0,0,3,20,-13,13,20,9,9,6,20,21,21,25,0,0,0,17,16,23,21,23,22,39,27,22,31,41,21,24,19,54,23,23,23,27,27,14,13,54,54,54,54,54,54,61,59,52,50,62,56,146,145,148,139,143,143,140,143,149,151,225,245,240,234,314,308,591,131,154,162,141,111,97,97,120,71,605,592,553,527,481,423,404,11,12,12,63,0,132,0,0,0,0,0,0,0,0,0,0,0,0,0,0,0,0,0,0,0,0,0,0,0,0]} 1. d4 Nf6 2. Nf3 g6 3. Bg5 Bg7 4. Nbd2 O-O 5. e3 d6 6. Bc4 Qe8 {A48: 1 d4 Nf6 2 Nf3 g6: Torre, London and Colle Systems} (6... Nbd7 7. O-O b6 8. a4 a5 9. e4 e5 10. c3 Bb7 11. Re1 Qe7 12. d5 c6 13. dxc6 Bxc6 14. Bb5 Rfc8 15. Qe2 {1-0 (29) Kramnik,V (2801)-Li,C (2755) Stavanger 2016}) 7. O-O e5 8. a4 $146 ({Predecessor:} 8. dxe5 dxe5 9. e4 Nbd7 10. Re1 h6 11. Bh4 Nh7 12. a4 Kh8 13. a5 Nc5 14. Bg3 {1-0 (65) Kelires,A (2508)-Kotronias,V (2524) Thessaloniki 2017}) 8... a5 9. c3 Nbd7 10. e4 h6 11. Bh4 Nb6 12. Bd3 Bd7 {[%cal Rd7a4]} 13. b3 Nh5 14. Re1 Nf4 15. Bf1 Be6 16. Qc2 Kh8 17. Rad1 Rc8 18. Qc1 f6 19. Qc2 Bg8 20. Bg3 Nh5 21. Nh4 Kh7 22. Bb5 c6 23. Be2 Nxg3 24. hxg3 Bf7 25. f4 Rd8 26. f5 g5 27. Ng6 $1 {[%cal Rg6f8]} Bxg6 28. fxg6+ Qxg6 29. Bg4 $1 {[%cal Rg4f5]} Kh8 30. Nc4 $1 {[%cal Rc4b6]} Nxc4 31. bxc4 {[%cal Bb3c4,Bc4c5][%mdl 32]} d5 (31... Qf7 $14) 32. Bf5 $36 {[%mdl 2048] White has strong initiative.} Qf7 33. exd5 cxd5 {[#]} 34. c5 $1 Qc7 35. Rb1 Rfe8 36. Qb3 exd4 (36... Re7 $16) 37. cxd4 $18 h5 38. Kf2 h4 39. Qf3 Bh6 $2 (39... Rxe1 {was necessary.} 40. Rxe1 Kg8 41. gxh4 gxh4 42. Be6+ Kf8) 40. g4 $2 (40. Qh5 $18 hxg3+ 41. Kg1 Rxe1+ 42. Rxe1) 40... Rxe1 41. Kxe1 (41. Rxe1 b6 $11) 41... Re8+ 42. Kf2 Bg7 43. Kg1 Qc6 44. Bd3 Qxa4 $2 {[%mdl 8192]} (44... Re7 $16) 45. Qxd5 h3 {Black hopes to continue with ...Qc6.} 46. Bg6 {[#] aiming for Rb3.} f5 47. Bxe8 Qxe8 48. gxf5 $2 {[%mdl 4096] Endgame KQR-KQB} (48. Rxb7 $18 hxg2 49. Rb2 (49. Qxf5 $2 Bxd4+ 50. Kxg2 Qe2+ 51. Kh3 Qe3+ 52. Kg2 Qg1+ 53. Kf3 Qh1+ 54. Ke2 Qxb7 $19) (49. gxf5 Qe3+ 50. Kxg2 Qe2+ 51. Kg3 Qe1+ 52. Kh2 Qh4+ 53. Kg1 Bxd4+ 54. Kg2 Qf2+ 55. Kh3 Qh4+ 56. Kg2 Qg4+ 57. Kh2 Qf4+ 58. Kg2 Qg4+ 59. Kh2 Qf4+ 60. Kg2 Qg4+ $11)) 48... Qe3+ $1 $11 49. Kh1 hxg2+ $1 50. Qxg2 ({White should try} 50. Kxg2 $14 Qe2+ 51. Kh1) 50... Qxd4 (50... Bxd4 $11 {keeps the balance.} 51. Rd1 Bxc5) 51. Qh3+ ({Of course not} 51. Qxb7 $6 Qh4+ 52. Kg2 Qg4+ 53. Kf1 Qxf5+ 54. Ke2 Qe5+ 55. Kf1 Qf5+ 56. Ke2 Qe5+ 57. Kf1 Qf4+ 58. Ke1 Qe3+ 59. Kd1 Qd3+ 60. Ke1 Qe3+ 61. Kd1 Qd3+ 62. Ke1 Qe3+ $11) (51. Qf3 $16) 51... Kg8 {Hoping for ...Qe4+.The position is equal.} 52. Qf3 a4 53. Rxb7 {And now c6 would win.} g4 54. Qc6 {Intending Rb8+ and mate.} Qd1+ 55. Kg2 {Qe8+ would kill now.} Qe2+ 56. Kg3 {White threatens Rb8+ and mate.} Be5+ 57. Kh4 {[%cal Rc6e8]} Qh2+ 58. Kxg4 {[%cal Rc6e8]} Qf4+ 59. Kh5 {[%cal Rc6e8]} Qh2+ 60. Kg6 {[%cal Rc6e8]} Qg3+ 61. Kh5 {[%cal Rc6e8]} Qh3+ 62. Kg5 {[%cal Rc6e8]} Qg3+ {Precision: White = 65%, Black = 58%.} 1/2-1/2

[Event "19th Karpov Poikovsky 2018"]
[Site "Poikovsky"]
[Date "2018.06.04"]
[Round "8"]
[White "Gelfand, Boris"]
[Black "Bologan, Victor"]
[Result "1-0"]
[WhiteElo "2695"]
[BlackElo "2610"]
[Annotator "TA"]
[PlyCount "109"]
[EventDate "2018.??.??"]
[EventType "tourn"]
[EventCountry "RUS"]
[SourceTitle "playchess.com"]
[Source "ChessBase"]
[SourceQuality "1"]

{[%evp 23,109,66,64,41,45,38,45,33,45,41,39,42,49,58,63,62,61,74,62,72,58,19,65,57,57,64,50,47,197,205,164,158,209,126,127,126,126,126,127,154,136,131,135,132,357,0,96,0,317,342,211,0,0,0,0,0,0,0,238,238,238,238,238,238,238,238,238,238,239,109,109,109,109,109,109,109,109,109,109,109,109,109,29979,29980,29980,29981,29981,57]} 1. d4 Nf6 2. Nf3 e6 3. c4 d5 4. g3 Be7 5. Bg2 O-O 6. O-O Nbd7 7. Qc2 c6 8. Rd1 b6 9. b3 Ba6 10. Nbd2 b5 {E09: Closed Catalan: Main Line: 7 Qc2 c6 8 Nbd2} (10... Rc8 11. e4 Bb7 12. Bb2 c5 13. exd5 exd5 14. Qf5 Qc7 15. Rac1 dxc4 16. Nxc4 Be4 17. Qh3 Qb7 18. Nfe5 Bxg2 19. Qxg2 Qxg2+ 20. Kxg2 cxd4 21. Nxd7 Nxd7 22. Bxd4 {½-½ (45) Banikas,H (2630)-Georgiev,K (2664) Rhodes 2013}) 11. c5 b4 12. Re1 Bb5 {LiveBook: 9 Games. White is slightly better.} 13. e4 Nxe4 14. Nxe4 dxe4 15. Qxe4 a5 16. Qc2 Nf6 17. a4 bxa3 18. Rxa3 Nd5 19. Bd2 Nb4 $146 20. Bxb4 axb4 21. Rxa8 Qxa8 22. Ne5 Bf6 23. Nd7 Rd8 24. Nxf6+ gxf6 25. Qd2 $36 {[%mdl 2048] White fights for an advantage.} e5 (25... Qa5 $14) 26. Qh6 $18 {aiming for Be4.} (26. Qxb4 $6 exd4 27. Qxb5 cxb5) 26... Rxd4 27. Qxf6 Qd8 28. Qxe5 Rd1 29. h4 Qd2 30. Rxd1 Qxd1+ 31. Kh2 Qxb3 32. Qg5+ Kf8 33. Qh6+ Kg8 $2 (33... Ke7 $16) 34. Qg5+ $2 ({Not} 34. Bxc6 Bxc6 35. Qxc6 Qc2 $16) (34. Be4 $18 {is the precise move to win.} Qe6 35. Qxh7+ (35. Bxh7+ Kh8 $16) 35... Kf8 36. Qh8+ Ke7 37. Qd4) 34... Kf8 $16 35. Qh6+ $2 (35. Bxc6 $16 Bxc6 36. Qh6+ Kg8 37. Qxc6) 35... Kg8 $1 $18 36. Be4 ({Weaker is} 36. Bxc6 Bxc6 37. Qxc6 Qc2 $16) 36... Qe6 37. Qg5+ $2 ({Don't do} 37. Bxh7+ $6 Kh8 $16) (37. Qxh7+ $18 Kf8 38. Qh8+ Ke7 39. Qd4) 37... Kh8 $11 38. Qd8+ Kg7 39. Qg5+ Kh8 40. Bf5 f6 $2 (40... Qe2 $11 {and Black is okay.}) 41. Bxe6 $18 {[%cal Rg5f6]} fxg5 42. hxg5 {[%mdl 4096] Endgame KB-KB} Ba4 43. Bf5 $1 Bd1 {[#]} 44. Be4 $1 b3 45. Bxc6 Kg7 {[#]} 46. Bb5 (46. f4 $1 $18 {and the rest is easy.}) 46... Bh5 $16 47. c6 {Threatens to win with c7.} b2 48. Bd3 Bg6 49. Bxg6 Kxg6 {KP-KP} 50. c7 b1=Q {( -> ...Qc2)} 51. c8=Q Kxg5 52. Qe6 {And now f4+ would win.} Qd3 $2 {[%mdl 8192]} (52... Qc2 $16) 53. f4+ {White mates.} Kh5 54. g4+ Kh4 55. Qh6+ {Precision: White = 77%, Black = 54%.} 1-0

[Event "19th Karpov Poikovsky 2018"]
[Site "Poikovsky"]
[Date "2018.06.04"]
[Round "8"]
[White "Sutovsky, Emil"]
[Black "Fedoseev, Vladimir"]
[Result "1/2-1/2"]
[WhiteElo "2647"]
[BlackElo "2706"]
[Annotator "TA"]
[PlyCount "79"]
[EventDate "2018.??.??"]
[EventType "tourn"]
[EventCountry "RUS"]
[SourceTitle "playchess.com"]
[Source "ChessBase"]
[SourceQuality "1"]

{[%evp 13,79,35,63,43,60,50,68,32,54,43,59,46,50,0,55,26,28,23,25,22,38,20,24,17,16,10,14,18,17,-9,-6,-6,-6,-2,-1,-5,-3,-23,-22,-17,-18,-14,-15,-18,0,-14,-14,-14,-14,-20,0,0,0,0,0,0,0,0,0,0,0,0,0,0,0,0,0,0]} 1. e4 c6 2. d4 d5 3. Nd2 dxe4 4. Nxe4 Nd7 5. Nf3 Ngf6 6. Nxf6+ Nxf6 7. c3 Qc7 {LiveBook: 7 Partien. B17: Caro-Kann-Verteidigung} (7... Bf5 8. Bc4 e6 9. O-O h6 10. Ne5 Bd6 11. Bf4 O-O 12. Qe2 Qc7 13. Rad1 Rad8 14. h3 Rfe8 15. Bb3 c5 16. Rfe1 cxd4 17. Rxd4 {0-1 (80) Yu,Y (2729)-Nakamura,H (2779) Doha 2016}) 8. Ne5 Be6 9. Bf4 $146 ({Vorgänger:} 9. a4 g6 10. a5 a6 11. Be2 Bg7 12. Bf4 {½-½ (12) Collas,D (2422)-Verat,L (2346) Clichy 2004}) 9... Qb6 {Weiß steht etwas besser.} 10. Bc4 {zielt auf Lxe6 ab.} Bxc4 11. Nxc4 Qb5 12. Qe2 {[#] Und weiter mit Sd6+ wäre nett.} e6 13. Bd6 (13. Be5 {with more complications.} Qd5 14. O-O Be7 15. Ne3 Qb5 16. Qc2) 13... Rd8 (13... Qd5 $11 14. Bxf8 Qxg2 15. Bxg7 Qxh1+ 16. Qf1 Qxf1+ 17. Kxf1 Ke7 18. Bxh8 Rxh8) 14. Bxf8 (14. Bc7 {is more complex.} Rd7 15. Be5 Be7 16. a4 Qd5 17. O-O) 14... Kxf8 15. a4 Qd5 16. O-O h5 17. Ne3 Qe4 18. Qc4 {Droht Dc5+.} Kg8 19. Qb4 Rd7 20. Qc5 (20. h3 {looks sharper.} Nd5 21. Nxd5 Qxd5 22. Rfe1 g6 23. Re5) 20... a6 21. Qe5 Qxe5 22. dxe5 Ng4 23. Nc4 b5 24. axb5 axb5 25. h3 bxc4 26. hxg4 {Die Stellung ist ausgeglichen.} hxg4 $11 {[%mdl 4096] Endspiel KTT-KTT} 27. Ra4 Rh5 28. Rxc4 g3 29. fxg3 Rxe5 30. Rxc6 Re2 31. b4 g5 32. Kh1 g4 33. b5 Rdd2 34. Rc4 f5 35. Rg1 Kf7 36. Rb4 Rd8 {[%cal Rd8h8] [#]} 37. Rgb1 Rdd2 38. Rg1 Rd8 {[%cal Rd8h8]} 39. Rf1 Rdd2 40. Rg1 {Precision: Weiß = 49%, Schwarz = 78%.} 1/2-1/2

[Event "19th Karpov Poikovsky 2018"]
[Site "Poikovsky"]
[Date "2018.06.05"]
[Round "9"]
[White "Nepomniachtchi, Ian"]
[Black "Jakovenko, Dmitry"]
[Result "1/2-1/2"]
[WhiteElo "2751"]
[BlackElo "2735"]
[Annotator "TA"]
[PlyCount "53"]
[EventDate "2018.??.??"]
[EventType "tourn"]
[EventCountry "RUS"]
[SourceTitle "playchess.com"]
[Source "ChessBase"]
[SourceQuality "1"]

{[%evp 17,53,2,10,6,12,1,40,38,36,17,21,20,14,11,25,29,23,7,10,0,10,10,11,20,10,8,8,0,0,-12,-19,-20,-12,-30,-21,-35,-32,-36]} 1. c4 c5 2. Nf3 Nf6 3. Nc3 e6 4. e4 Nc6 5. d4 cxd4 6. Nxd4 Bb4 7. Nxc6 bxc6 8. Bd3 e5 9. O-O O-O {LiveBook: 99 Games} 10. Qe2 {B44: Sicilian: Taimanov: 5 Nb5} (10. Be3 d5 11. exd5 Bxc3 12. bxc3 cxd5 13. Bg5 dxc4 14. Bxc4 Qc7 15. Bxf6 Qxc4 16. Bxe5 Bf5 17. Bd4 Rfe8 18. Qc1 {½-½ (31) Nakamura,H (2781)-So,W (2788) London 2017}) 10... d6 11. Na4 Ba5 $146 ({Predecessor:} 11... c5 12. Rd1 h6 13. Bc2 Qe7 14. Qd3 Rd8 15. a3 Ba5 16. Rb1 Bb7 17. Qe2 Rac8 {½-½ (54) Chandler,M (2590)-Ribli,Z (2595) Germany 1992}) 12. Rd1 {White is slightly better.} Qe7 13. b3 Rd8 14. Bc2 Nd7 15. Be3 Nb6 16. Nxb6 Bxb6 17. Rd3 Be6 18. Rad1 Qc7 19. h3 Bxe3 20. Qxe3 Rd7 21. Rc3 Rad8 22. b4 Qb6 23. Qxb6 axb6 24. Ba4 Rc8 25. Bb3 Kf8 26. Rcd3 Ke7 27. h4 {Precision: White = 40%, Black = 67%.} 1/2-1/2

[Event "19th Karpov Poikovsky 2018"]
[Site "Poikovsky"]
[Date "2018.06.05"]
[Round "9"]
[White "Fedoseev, Vladimir"]
[Black "Vidit, Santosh Gujrathi"]
[Result "1/2-1/2"]
[WhiteElo "2706"]
[BlackElo "2707"]
[Annotator "TA"]
[PlyCount "156"]
[EventDate "2018.??.??"]
[EventType "tourn"]
[EventCountry "RUS"]
[SourceTitle "playchess.com"]
[Source "ChessBase"]
[SourceQuality "1"]

{[%evp 19,156,14,14,27,24,15,25,13,16,28,18,0,20,20,20,22,25,16,21,15,7,0,0,0,7,0,0,0,12,15,24,0,57,57,57,57,57,57,57,57,57,57,57,57,57,57,57,57,57,57,57,57,57,57,57,57,57,57,57,57,57,57,57,57,57,57,57,57,57,0,57,57,57,0,57,57,57,57,57,57,57,57,57,57,57,57,57,57,57,0,57,57,57,57,57,57,57,57,57,57,57,57,57,0,57,57,57,57,57,57,57,57,57,57,57,57,57,1,57,47,57,57,57,57,57,48,48,48,50,12,40,8,65,0,0,0,65,0,39]} 1. d4 {[%cal Bd2d4,Bd4d5][%mdl 32]} Nf6 2. Nf3 g6 3. e3 Bg7 4. Be2 c5 5. d5 e6 6. c4 {A48: 1 d4 Nf6 2 Nf3 g6: Torre, London and Colle Systems} O-O 7. O-O (7. Nc3 exd5 8. cxd5 d6 9. Nd2 Na6 10. O-O Nc7 11. e4 Re8 12. a4 Rb8 13. f3 {½-½ (36) Caruana,F (2784)-Grischuk,A (2767) Berlin 2018}) 7... d6 8. Nc3 Re8 9. e4 exd5 10. exd5 Bf5 {LiveBook: 18 Games} 11. Bd3 {aiming for Bxf5.} Bg4 12. h3 Bxf3 13. Qxf3 Nbd7 14. Qd1 Nh5 15. Kh2 $146 ({Predecessor:} 15. Bd2 Ne5 {½-½ (31) Abdulla,A (2478)-Vidit,S (2648) Abu Dhabi 2016}) 15... Be5+ 16. f4 Bxc3 $1 17. bxc3 Qh4 18. Qf3 f5 19. Bd2 {[%cal Bc1d2,Bd2e1,Be1f2,Bf2e3][%mdl 32]} Ng7 20. Rab1 (20. Rg1 {seems wilder.} Re7 21. g3 Qf6 22. Rab1 Qf8 23. Rg2) 20... Rab8 21. Rfe1 Rxe1 22. Bxe1 Qe7 23. a4 a5 24. Bf2 $36 {[%mdl 2048] White fights for an advantage.} b6 25. g4 {[%cal Bg2g4,Bg4g5][%mdl 32]} Rf8 (25... Qf6 $11) 26. g5 $1 $14 Re8 27. Kg1 Qf7 28. Be3 Re7 29. Bd2 Qe8 30. Kf2 Nh5 31. Bc2 Kf8 32. h4 Kg8 33. Rh1 Kf8 34. Rh3 Kg8 35. Bd3 Kf8 36. Qd1 Kg8 37. Qb1 Kf8 38. Qb5 Qc8 39. Rh1 Ke8 40. Rg1 Kf8 41. Be2 Kg8 42. Bf3 Qb8 43. Rb1 Kf7 44. Rb2 (44. Rc1 $14) 44... Kf8 (44... Qh8 $1 $11) 45. Bc1 Kf7 46. Rc2 (46. Re2 $14) 46... Qe8 (46... Qh8 $1 $11) 47. Bd2 Kf8 48. Rc1 Kf7 49. Qb1 Kg8 50. Rh1 Qf8 51. Rg1 Qe8 52. Rg2 Qf8 53. Rh2 Qe8 54. Qb5 (54. Rh3 $14) 54... Kf8 (54... Re4 $1 $11) 55. Rh1 Kf7 56. Rg1 Kg8 57. Rd1 Qd8 58. Rb1 Qe8 59. Qc6 Qb8 60. Bc1 Kf7 61. Rb2 (61. Rb3 $14) 61... Kg8 ({Black should try} 61... Qh8 $11 62. Qxd6 Qxc3) 62. Be3 Kf7 63. Re2 Kf8 64. Re1 Kf7 65. Qb5 Qf8 66. Qb1 Kg8 67. Qd3 Qf7 68. Qc2 (68. Re2 $14) 68... Qf8 ({Black should play} 68... Qe8 $1 $11 69. Bxh5 gxh5) 69. Qb1 Ng7 70. Qb5 Kf7 71. Qc6 Qb8 72. Ke2 Nh5 73. Kd2 Kf8 74. Qb5 {Black must now prevent Bxh5.} Qe8 75. Qb1 {And now Bxh5 would win.} (75. Bxh5 $5 gxh5 76. Qc6 $16) 75... Qf7 ({Better is} 75... Kg8 $11) 76. Qd3 (76. Bxh5 $14 gxh5 77. Bf2) 76... Kg8 $11 77. Qb1 (77. Qc2 $11) 77... Kf8 $14 78. Qb5 {Threatens to win with Qc6.} (78. Bxh5 $5 gxh5 79. Bf2 $14) 78... Qe8 $1 {Precision: White = 75%, Black = 61%.} 1/2-1/2